00849nam a22002537a 4500999001900000003000400019020001800023082001600041100001500057245006500072260006100137300001700198500006400215546001200279650001800291650002200309650002100331650002800352650003100380650003300411700002100444942001200465952011800477 c195858d195858OSt a9788171641499 a597bLAK/GE aLakra, W S aGenetics, genetic engineering and biotechnology in fisheries aNew DelhibIndian Council of Agricultural Researchc2013 aviii, 2019p. aGenetics genetic engineering and biotechnology in fisheries aEnglish aDNA barcoding aTransgenic fishes aVaccine for fish aChromosomal engineering aBiosecurity in aquaculture aFuture transgenic technology aGopalkrishnan, A 2ddccBK 00102ddc40708GenaKAUCLVbKAUCLVcGENERALd2021-04-26g400.00l0o597 LAK/GEp230904r2021-04-26 00:00:00yBK